[Event "33. Abierto Ciudad de Sevilla"]
[Site "Sevilla ESP"]
[Date "2008.01.11"]
[Round "8.2"]
[White "Khamrakulov, Ibragim S"]
[Black "Fernandez Romero, Ernesto"]
[Result "1-0"]
[WhiteElo "2589"]
[BlackElo "2462"]
[PlyCount "71"]
[EventDate "2008.01.05"]
[EventType "swiss"]
[EventRounds "9"]
[EventCountry "ESP"]
[Source "lmi"]
[SourceDate "2008.01.05"]

1. e4 e6 2. d4 d5 3. Nd2 Nf6 4. e5 Nfd7 5. Bd3 c5 6. c3 Nc6 7. Ne2 cxd4 8. cxd4
f6 9. exf6 Nxf6 10. Nf3 Bd6 11. Bf4 Bxf4 12. Nxf4 O-O 13. O-O Ng4 14. Ne2 e5
15. dxe5 Rxf3 16. gxf3 Ngxe5 17. Kh1 Qf6 18. Ng1 Be6 19. Re1 Rf8 20. Rc1 Qf4
21. Bf1 Rf6 22. Bh3 Bxh3 23. Nxh3 Qxf3+ 24. Qxf3 Rxf3 25. Re3 Rf6 26. f4 Nc4
27. Rd3 Nb6 28. a3 d4 29. Rc5 Na4 30. Rc2 b6 31. b4 Nc3 32. Ng5 Nd5 33. b5 Nce7
34. Rxd4 h6 35. Nh3 g5 36. Rg2 1-0

[Event "33. Abierto Ciudad de Sevilla"]
[Site "Sevilla ESP"]
[Date "2008.01.11"]
[Round "8.4"]
[White "Epishin, Vladimir"]
[Black "Rizouk, Aimen"]
[Result "1-0"]
[WhiteElo "2577"]
[BlackElo "2498"]
[PlyCount "73"]
[EventDate "2008.01.05"]
[EventType "swiss"]
[EventRounds "9"]
[EventCountry "ESP"]
[Source "lmi"]
[SourceDate "2008.01.05"]

1. d4 a6 2. g3 Nf6 3. Bg2 d5 4. Nf3 g6 5. O-O Bg7 6. Nbd2 O-O 7. c4 c6 8. b3
Ne4 9. Bb2 f5 10. Qc2 Nd7 11. Rad1 e6 12. Ne1 g5 13. Nxe4 fxe4 14. f3 exf3 15.
exf3 a5 16. Nd3 a4 17. f4 axb3 18. axb3 gxf4 19. Nxf4 Nf6 20. Bc3 Kh8 21. Nd3
Bd7 22. Bb4 Rg8 23. Ne5 Be8 24. Qe2 dxc4 25. bxc4 Ra4 26. Qe1 Nd7 27. Nf7+ Bxf7
28. Rxf7 Nb6 29. Bf1 Nc8 30. Kh1 Nd6 31. Bxd6 Qxd6 32. Bd3 Qxd4 33. Bc2 Qxc4
34. Bxa4 Qxa4 35. Rdd7 Qb5 36. Qxe6 Ra8 37. Kg2 1-0

[Event "33. Abierto Ciudad de Sevilla"]
[Site "Sevilla ESP"]
[Date "2008.01.11"]
[Round "8.10"]
[White "Campora, Daniel Hugo"]
[Black "Ivanov, Jordan"]
[Result "0-1"]
[WhiteElo "2535"]
[BlackElo "2371"]
[PlyCount "80"]
[EventDate "2008.01.05"]
[EventType "swiss"]
[EventRounds "9"]
[EventCountry "ESP"]
[Source "lmi"]
[SourceDate "2008.01.05"]

1. e4 c5 2. f4 d5 3. exd5 Nf6 4. Nf3 Nxd5 5. d4 cxd4 6. Nxd4 e5 7. Bb5+ Nd7 8.
Qe2 Bb4+ 9. c3 O-O 10. fxe5 Qh4+ 11. Kd1 Nc5 12. Nf3 Qd8 13. Bd2 Nf4 14. Qf1
Ba5 15. b4 a6 16. Be2 Ncd3 17. bxa5 Bg4 18. h3 Nxe2 19. Kxe2 Bxf3+ 20. Qxf3
Nxe5 21. Qg3 Re8 22. Kf2 Qf6+ 23. Kg1 Rad8 24. Kh2 Rd3 25. Qf4 Qd6 26. Rg1 Re6
27. Kh1 Qd5 28. Re1 Rxh3+ 29. Kg1 Rd3 30. Re3 Qc5 31. Qb4 Qa7 32. Qf4 Ng6 33.
Qf2 Rexe3 34. Bxe3 Qxe3 35. Qxe3 Rxe3 36. Nd2 Rxc3 37. Rb1 Rc2 38. Ne4 Rxa2 39.
Rxb7 Rxa5 40. Nd6 h6 0-1

[Event "33. Abierto Ciudad de Sevilla"]
[Site "Sevilla ESP"]
[Date "2008.01.11"]
[Round "8.11"]
[White "Fenollar Jorda, Manuel"]
[Black "Zhao, Zong Yuan"]
[Result "0-1"]
[WhiteElo "2253"]
[BlackElo "2487"]
[PlyCount "108"]
[EventDate "2008.01.05"]
[EventType "swiss"]
[EventRounds "9"]
[EventCountry "ESP"]
[Source "lmi"]
[SourceDate "2008.01.05"]

1. d4 Nf6 2. Nf3 e6 3. e3 b6 4. Bd3 Bb7 5. Nbd2 c5 6. c3 Nc6 7. O-O Be7 8. e4
cxd4 9. cxd4 Nb4 10. Bb1 Ba6 11. Re1 Nd3 12. Bxd3 Bxd3 13. d5 Bc5 14. b4 Bxb4
15. Qb3 Bxd2 16. Nxd2 Ba6 17. Ba3 b5 18. e5 Nxd5 19. Ne4 b4 20. Nd6+ Kf8 21.
Bxb4 Kg8 22. Ba3 h5 23. Rad1 Rh6 24. Qf3 Rg6 25. Qxf7+ Kh7 26. Bc1 Qf8 27. Qxf8
Rxf8 28. Be3 Rg4 29. Bxa7 Nf4 30. g3 Be2 31. Rd2 Bf3 32. Be3 Nh3+ 33. Kf1 Ra8
34. Rc1 Rga4 35. Ra1 h4 36. a3 hxg3 37. hxg3 Rxa3 38. Rxa3 Rxa3 39. Rc2 Rd3 40.
Rc1 Kg6 41. Nc4 Kf5 42. Nd2 Bc6 43. Rc5 Ra3 44. Bd4 Ra2 45. Bc3 g5 46. f3 Bxf3
47. Nxf3 Rf2+ 48. Ke1 Rxf3 49. Rc7 Rxg3 50. Kd2 Rg2+ 51. Kd1 Nf2+ 52. Ke1 Nd3+
53. Kf1 Rf2+ 54. Kg1 Rc2 0-1

[Event "33. Abierto Ciudad de Sevilla"]
[Site "Sevilla ESP"]
[Date "2008.01.11"]
[Round "8.12"]
[White "Escobar Forero, Alder"]
[Black "Van Hoolandt, Patrick"]
[Result "1-0"]
[WhiteElo "2461"]
[BlackElo "2216"]
[PlyCount "93"]
[EventDate "2008.01.05"]
[EventType "swiss"]
[EventRounds "9"]
[EventCountry "ESP"]
[Source "lmi"]
[SourceDate "2008.01.05"]

1. e4 e5 2. Nf3 Nc6 3. Bb5 Nf6 4. d3 d6 5. O-O g6 6. d4 Bd7 7. Re1 Bg7 8. d5
Ne7 9. Bxd7+ Qxd7 10. c4 Nh5 11. Nc3 h6 12. Be3 f5 13. exf5 Nxf5 14. c5 O-O 15.
cxd6 cxd6 16. Qd3 Rf7 17. Rac1 g5 18. Nd2 Nh4 19. g3 Nf3+ 20. Nxf3 Rxf3 21. Qg6
Nf6 22. Kg2 Rf5 23. h3 Ne8 24. Ne4 Qf7 25. Qxf7+ Rxf7 26. Rc4 Rd7 27. Rec1 Kf7
28. Kf3 Rad8 29. a4 b6 30. b4 Bf8 31. Rc6 Be7 32. R6c4 Rb7 33. b5 Rdd7 34. h4
gxh4 35. gxh4 Rbc7 36. Rc6 Bf8 37. h5 Rb7 38. Rg1 Nc7 39. Nc3 e4+ 40. Kxe4 Re7+
41. Kd4 Re5 42. Bf4 Rxh5 43. Bxd6 Bg7+ 44. Rxg7+ Kxg7 45. Bxc7 Kf7 46. Ne4 Ke7
47. d6+ 1-0

[Event "33. Abierto Ciudad de Sevilla"]
[Site "Sevilla ESP"]
[Date "2008.01.11"]
[Round "8.13"]
[White "Medina Carrasco, Santiago"]
[Black "Roeder, Mathias"]
[Result "1/2-1/2"]
[WhiteElo "2213"]
[BlackElo "2461"]
[PlyCount "89"]
[EventDate "2008.01.05"]
[EventType "swiss"]
[EventRounds "9"]
[EventCountry "ESP"]
[Source "lmi"]
[SourceDate "2008.01.05"]

1. d4 Nf6 2. Nf3 e6 3. c4 b6 4. g3 Bb4+ 5. Bd2 a5 6. Bg2 Ba6 7. b3 c6 8. O-O d5
9. a3 Be7 10. Bf4 Nbd7 11. Nfd2 Nh5 12. Be3 f5 13. f3 Bd6 14. Bf2 f4 15. g4
Nhf6 16. e4 e5 17. exd5 cxd5 18. Re1 O-O 19. Nc3 exd4 20. Bxd4 Bc5 21. Bxc5
Nxc5 22. g5 dxc4 23. Nxc4 Nd3 24. Re2 Qd4+ 25. Kh1 Qxc3 26. gxf6 Bxc4 27. bxc4
Rfe8 28. Rc2 Qxf6 29. Qg1 Re3 30. Rd1 Rae8 31. Rcd2 Ne1 32. Rd6 Qh4 33. Rd7
Nxg2 34. Kxg2 Re2+ 35. Kh1 Re1 36. Rxg7+ Kf8 37. Rg8+ Kf7 38. Rd7+ R8e7 39.
Rg7+ Kf6 40. Rdxe7 Rxg1+ 41. Kxg1 Qh5 42. Kg2 Qc5 43. Rgf7+ Kg6 44. Rg7+ Kf6
45. Rgf7+ 1/2-1/2

[Event "33. Abierto Ciudad de Sevilla"]
[Site "Sevilla ESP"]
[Date "2008.01.11"]
[Round "8.17"]
[White "Narciso Dublan, Marc"]
[Black "Gutierrez Valero, Mario"]
[Result "1-0"]
[WhiteElo "2513"]
[BlackElo "1834"]
[PlyCount "41"]
[EventDate "2008.01.05"]
[EventType "swiss"]
[EventRounds "9"]
[EventCountry "ESP"]
[Source "lmi"]
[SourceDate "2008.01.05"]

1. d4 Nf6 2. c4 g6 3. Nf3 Bg7 4. g3 O-O 5. Bg2 d6 6. O-O Nbd7 7. Nc3 e5 8. e4
a6 9. Qc2 b5 10. dxe5 dxe5 11. Rd1 b4 12. Nd5 Nxd5 13. cxd5 a5 14. a3 Rb8 15.
axb4 axb4 16. Ra7 Bb7 17. Bd2 Re8 18. Bxb4 f5 19. Ba5 Nb6 20. d6 Ba8 21. dxc7
1-0

[Event "33. Abierto Ciudad de Sevilla"]
[Site "Sevilla ESP"]
[Date "2008.01.11"]
[Round "8.18"]
[White "Komljenovic, Davorin"]
[Black "Barrenechea Bahamonde, Gustavo"]
[Result "1-0"]
[WhiteElo "2482"]
[BlackElo "2174"]
[PlyCount "73"]
[EventDate "2008.01.05"]
[EventType "swiss"]
[EventRounds "9"]
[EventCountry "ESP"]
[Source "lmi"]
[SourceDate "2008.01.05"]

1. d4 d5 2. c4 e6 3. Nc3 c5 4. cxd5 cxd4 5. Qxd4 Nc6 6. Qd1 exd5 7. Qxd5 Bd7 8.
Nf3 Nf6 9. Qd1 Bc5 10. e3 Qe7 11. Be2 O-O-O 12. O-O g5 13. b4 Bxb4 14. Bb2 g4
15. Nh4 Rhg8 16. Qc2 Kb8 17. Rab1 Rg5 18. Ba1 Rc5 19. Rfd1 Rc8 20. a3 Bxa3 21.
Qa4 Ra5 22. Qf4+ Ka8 23. Nb5 Nh5 24. Qh6 Nb4 25. Nxa3 Qxh4 26. Rxd7 Rxa3 27. g3
Rxa1 28. Rxa1 Qf6 29. Qxf6 Nxf6 30. Rxf7 Nbd5 31. Bf1 a6 32. Bg2 Rc7 33. Rf8+
Ka7 34. e4 Nd7 35. Rf7 N5f6 36. e5 Ne8 37. Re7 1-0

[Event "33. Abierto Ciudad de Sevilla"]
[Site "Sevilla ESP"]
[Date "2008.01.11"]
[Round "8.19"]
[White "Barrios Muñoz, Rafael Carlos"]
[Black "Lariño Nieto, David"]
[Result "0-1"]
[WhiteElo "2138"]
[BlackElo "2439"]
[PlyCount "140"]
[EventDate "2008.01.05"]
[EventType "swiss"]
[EventRounds "9"]
[EventCountry "ESP"]
[Source "lmi"]
[SourceDate "2008.01.05"]

1. d4 g6 2. e4 d6 3. Nf3 Bg7 4. Be2 Nd7 5. O-O e5 6. dxe5 dxe5 7. b4 Ngf6 8.
Bb2 Qe7 9. Nc3 c6 10. b5 O-O 11. a4 Rd8 12. Ba3 Qe8 13. Qe1 Nh5 14. Rd1 Nf4 15.
Bc4 h6 16. Qd2 Bf6 17. Qd6 Kg7 18. Qc7 Nb6 19. Bb3 Rd7 20. Rxd7 Qxd7 21. Bd6
Qxc7 22. Bxc7 Nd7 23. Bd6 g5 24. Rd1 g4 25. Ne1 h5 26. Kf1 a6 27. bxc6 bxc6 28.
a5 Bb7 29. Rb1 Ra7 30. Na4 Bc8 31. Bc4 Kg6 32. Nd3 Nxd3 33. cxd3 Rb7 34. Rxb7
Bxb7 35. Nc5 Nxc5 36. Bxc5 Bd8 37. Bb4 Bc7 38. Ke2 c5 39. Bc3 f5 40. f3 f4 41.
Be1 Kf6 42. Bh4+ Kg7 43. Be1 Bc8 44. Kd1 Kf8 45. Bf2 Bd6 46. Ke2 Ke8 47. Kd1
Be7 48. Ke2 Kd8 49. Kd2 Kc7 50. Bf7 Kd6 51. Bxh5 gxf3 52. gxf3 Bd8 53. Bg4
Bxa5+ 54. Kc2 Bb7 55. Kb3 Bc6 56. Bh3 Bb6 57. Bh4 Bb5 58. Bf1 Ba5 59. Bf6 Ke6
60. Bg7 Bc7 61. h4 Kf7 62. Bh8 Kg6 63. Bh3 Bxd3 64. Bf5+ Kh5 65. Bf6 c4+ 66.
Kb2 Bd6 67. Bg4+ Kg6 68. Bh8 a5 69. h5+ Kh6 70. Bf6 a4 0-1

[Event "33. Abierto Ciudad de Sevilla"]
[Site "Sevilla ESP"]
[Date "2008.01.11"]
[Round "8.20"]
[White "Garcia Luque, Agustin"]
[Black "Lopez Rodriguez, Fernando"]
[Result "1-0"]
[WhiteElo "2387"]
[BlackElo "2159"]
[PlyCount "69"]
[EventDate "2008.01.05"]
[EventType "swiss"]
[EventRounds "9"]
[EventCountry "ESP"]
[Source "lmi"]
[SourceDate "2008.01.05"]

1. e4 e6 2. d3 d5 3. Qe2 Ne7 4. Nf3 c5 5. g3 g6 6. Bg2 Bg7 7. O-O O-O 8. h4 h6
9. e5 b6 10. c3 Ba6 11. Re1 Nd7 12. Bf4 Rc8 13. Nbd2 Nc6 14. Nf1 b5 15. Qd2 Kh7
16. N1h2 Ne7 17. Ng4 Ng8 18. d4 cxd4 19. cxd4 Qb6 20. h5 b4 21. Rec1 gxh5 22.
Ne3 Ne7 23. Bh3 f5 24. Nh4 Qb5 25. Neg2 Rxc1+ 26. Rxc1 Rc8 27. Be3 Rxc1+ 28.
Qxc1 Qc4 29. Nf4 Qxc1+ 30. Bxc1 Nf8 31. Bd2 Nc6 32. Nxe6 Kg8 33. Nxg7 Kxg7 34.
Nxf5+ Kh7 35. Bg2 1-0

[Event "33. Abierto Ciudad de Sevilla"]
[Site "Sevilla ESP"]
[Date "2008.01.12"]
[Round "9.9"]
[White "Ivanov, Jordan"]
[Black "Komljenovic, Davorin"]
[Result "1-0"]
[WhiteElo "2371"]
[BlackElo "2482"]
[PlyCount "99"]
[EventDate "2008.01.05"]
[EventType "swiss"]
[EventRounds "9"]
[EventCountry "ESP"]
[Source "lmi"]
[SourceDate "2008.01.05"]

1. d4 Nf6 2. c4 g6 3. Nc3 Bg7 4. e4 d6 5. h3 O-O 6. Nf3 Na6 7. Bg5 Qe8 8. Be2
e5 9. d5 Nc5 10. Nd2 a5 11. g4 Bd7 12. Be3 Qb8 13. h4 c6 14. g5 Ne8 15. h5 Nc7
16. Nb3 Nxb3 17. Qxb3 c5 18. a4 Na6 19. O-O-O Nb4 20. Rdg1 Re8 21. Qd1 Re7 22.
Kd2 Qc7 23. Bg4 Bxg4 24. Rxg4 Rd8 25. Qe1 b6 26. Nb5 Qb7 27. Rgh4 Bf8 28. R1h2
Rdd7 29. Qh1 Rd8 30. b3 Rdd7 31. Nc3 Rd8 32. f3 Rdd7 33. Nd1 Na6 34. Nf2 Nc7
35. Ng4 Ne8 36. Kd3 Rd8 37. f4 exf4 38. Bxf4 Rdd7 39. Nf6+ Nxf6 40. gxf6 Re8
41. Qc1 Qb8 42. Qg1 Qc7 43. hxg6 fxg6 44. Rxh7 Rxh7 45. Qxg6+ Kh8 46. Rxh7+
Qxh7 47. Qxe8 Qh3+ 48. Be3 Kg8 49. Qe6+ Qxe6 50. dxe6 1-0

[Event "33. Abierto Ciudad de Sevilla"]
[Site "Sevilla ESP"]
[Date "2008.01.12"]
[Round "9.10"]
[White "Berbatov, Kiprian"]
[Black "Narciso Dublan, Marc"]
[Result "1/2-1/2"]
[WhiteElo "2195"]
[BlackElo "2513"]
[PlyCount "75"]
[EventDate "2008.01.05"]
[EventType "swiss"]
[EventRounds "9"]
[EventCountry "ESP"]
[Source "lmi"]
[SourceDate "2008.01.05"]

1. e4 e6 2. d4 d5 3. e5 c5 4. c3 Qb6 5. Nf3 Nc6 6. a3 Nh6 7. b4 cxd4 8. cxd4
Nf5 9. Be3 f6 10. exf6 gxf6 11. Nc3 Bg7 12. Bd3 Nxe3 13. fxe3 O-O 14. O-O Qd8
15. Ng5 f5 16. Qh5 h6 17. Nf3 Bd7 18. Kh1 Qe8 19. Qh4 Qe7 20. Qg3 Rac8 21. Rac1
a6 22. Ne2 e5 23. dxe5 Nxe5 24. Nxe5 Qxe5 25. Nf4 Rxc1 26. Rxc1 Rc8 27. Rxc8+
Bxc8 28. Qf3 d4 29. exd4 Qxd4 30. Nd5 Qa1+ 31. Bf1 Kh7 32. g4 Bd7 33. Kg2 Qb2+
34. Be2 Qd2 35. Kf1 Qc1+ 36. Kg2 Qd2 37. Kf1 Qc1+ 38. Kg2 1/2-1/2